Cómo construir una cultura de calidad: guía para su implantación en la empresa / Joe Batten (Registro nro. 12603)
[ vista simple ]
| 000 -LÍDER | |
|---|---|
| fixed length control field | 00591nam a2200169 4500 |
| 008 - ELEMENTOS DE LONGITUD FIJA -- INFORMACIÓN GENERAL | |
| fixed length control field | 01993 1993 0a 000 0COL |
| 020 ## - NÚMERO INTERNACIONAL NORMALIZADO PARA LIBROS | |
| ISBN | 970 625 031 X |
| 050 ## - SIGNATURA TOPOGRAFICA DE LA BIBLIOTECA DEL CONGRESO (LC) | |
| Número de Clasificación | TS156 B4 1993 |
| 082 ## - NUMERO DE CLASIFICACION DECIMAL DEWEY | |
| Número de Clasificación | 658.568 B335c |
| 100 ## - ASIENTO PRINCIPAL--NOMBRE PERSONAL | |
| Nombre personal | Batten, Joe |
| 245 ## - TÍTULO | |
| Título | Cómo construir una cultura de calidad: guía para su implantación en la empresa / Joe Batten |
| 260 ## - PUBLICACIÓN, DISTRIBUCIÓN, ETC. (PIE DE IMPRENTA) | |
| Lugar de publicación, distribución, etc. | Colombia : Iberoamérica |
| 300 ## - DESCRIPCIÓN FÍSICA | |
| Extensión | vii, 94 p. / 25 cm. |
| 500 ## - NOTA GENERAL | |
| Nota general | Incluye ap‚ndice, bibliografía y glosario |
| 650 ## - ASIENTO SECUNDARIO DE MATERIA - TERMINO TEMÁTICO | |
| Término temático o nombre geográfico como elemento de entrada | 1.CONTROL DE CALIDAD \ 2.PRODUCCIÓN DIRECCIÓN |
| 700 ## - ASIENTO SECUNDARIO - NOMBRE PERSONAL | |
| Nombre personal | D'Garibay Bellono, Laura, Tr. |
| No. biblioteca | No. biblioteca | Número de clasificación | Código de barras/Número de adquisición | Número de copia | Tipo de material |
|---|---|---|---|---|---|
| LUIS G. INCLAN | LUIS G. INCLAN | 658.568 B335c | 17072 | 1 | Libros |
| LUIS G. INCLAN | LUIS G. INCLAN | 658.568 B335c | 37623 | 2 | Libros |
| LUIS G. INCLAN | LUIS G. INCLAN | 658.568 B335c | 37624 | 3 | Libros |
| LUIS G. INCLAN | LUIS G. INCLAN | 658.568 B335c | 37625 | 4 | Libros |
| LUIS G. INCLAN | LUIS G. INCLAN | 658.568 B335c | 37626 | 5 | Libros |
| LUIS G. INCLAN | LUIS G. INCLAN | 658.568 B335c | 37627 | 6 | Libros |
| LUIS G. INCLAN | LUIS G. INCLAN | 658.568 B335c | 37628 | 7 | Libros |
| LUIS G. INCLAN | LUIS G. INCLAN | 658.568 B335c | 37629 | 8 | Libros |
| LUIS G. INCLAN | LUIS G. INCLAN | 658.568 B335c | 39362 | 8 | Libros |
| LUIS G. INCLAN | LUIS G. INCLAN | 658.568 B335c | 39363 | 9 | Libros |
| LUIS G. INCLAN | LUIS G. INCLAN | 658.568 B335c | 39364 | 10 | Libros |
| LUIS G. INCLAN | LUIS G. INCLAN | 658.568 B335c | 39365 | 11 | Libros |
